عرض عادي
عرض مارك
- الحبيب، طارق بن علي.
مدخل إسم شخص
001 - رقم الضبط
- حقل الضبط: 12947
003 - معرف رقم الضبط
- حقل الضبط: OSt
005 - تاريخ ووقت أخر عملية
- حقل الضبط: 20120509124506.0
008 - عناصر بيانات ثابتة الطول
- حقل تحكم ثابت الطول: 120509|||a|||||| | ||| d
040 ## - مصدر الفهرسة
- هيئة الفهرسة الأصلية: OSt
- وكالة الكتابة: OSt
100 ## - مدخل -- أسم شخص
- إسم شخص: الحبيب، طارق بن علي.
670 ## - بيانات المصدر موجوده
- الاستشهاد بالمصدر: Work cat.: (OSt): الحبيب، طارق بن علي., مفاهيم خاطئة عن الطب النفسي /, [2010]
